000 01286nam a22003497a 4500
001 943
005 20230714152345.0
008 230714b cb ||||| |||| 00| 0 eng d
020 _a9780545459044 (paperback)
020 _a0545459044 (paperback)
040 _aYDXCP
_beng
_cYDXCP
_erda
_dBTCTA
_dBDX
_dOCLCQ
_dCLE
_dIHI
_dOCLCQ
_dMCT
_dDLC
050 0 0 _aPZ7.B7258
_bIn 2013
082 0 4 _a813.6
_223
100 1 _aBradley, Timothy J.
245 1 0 _aInfestation /
_cTimothy J. Bradley.
250 _aFirst printing, April 2013
260 _aNew York :
_bScholastic,
_c2013.
300 _a176 pages :
_billustrations ;
_c20 cm
505 _aR
520 _aTwelve-year-old Andy Greenwood and fellow students at the Reclamation School for Boys in the New Mexico desert face an infestation of giant, mutant ants.
521 2 _aAppeals to 5th-7th graders.
521 0 _a750
_bLexile
521 0 _aR
_bRaz-Plus
650 0 _aProblem youth
_vJuvenile fiction.
650 0 _aReformatories
_vJuvenile fiction.
650 0 _aAnts
_xAbnormalities
_vJuvenile fiction.
650 0 _aMutation (Biology)
_vJuvenile fiction.
650 0 _aSchools
_vJuvenile fiction.
655 7 _aScience fiction.
_2gsafd
906 _a7
_bcbc
_ccopycat
_d2
_encip
_f20
_gy-gencatlg
942 _2ddc
_cBK
_n0
999 _c943
_d943